Growth of scientific ideas / (Record no. 5680)
[ view plain ]
| 000 -LEADER | |
|---|---|
| fixed length control field | 00477cam a2200193ua 4500 |
| 041 ## - LANGUAGE CODE | |
| Language code of text/sound track or separate title | eng |
| 082 ## - DEWEY DECIMAL CLASSIFICATION NUMBER | |
| Classification number | 509 |
| Item number | WIG/FR |
| 100 ## - MAIN ENTRY--AUTHOR NAME | |
| Personal name | Wightman, William P D. |
| 245 ## - TITLE STATEMENT | |
| Title | Growth of scientific ideas / |
| 250 ## - EDITION STATEMENT | |
| Edition statement | 1 / |
| 260 ## - PUBLICATION, DISTRIBUTION, ETC. (IMPRINT) | |
| Place of publication | Edinborough : |
| Name of publisher | Oliver and Boyd , |
| Year of publication | 1951. |
| 300 ## - PHYSICAL DESCRIPTION | |
| Number of Pages | 495 ; . |
| 942 ## - ADDED ENTRY ELEMENTS (KOHA) | |
| Koha item type | Books |
| Withdrawn status | Lost status | Damaged status | Home library | Current library | Date acquired | Cost, normal purchase price | Full call number | Accession Number | Koha item type |
|---|---|---|---|---|---|---|---|---|---|
| Withdrawn | KAUAET | KAUAET | 07/04/2012 | 25.00 | 509 WIG/GR | 6594 | Books | ||
| KAUAET | KAUAET | 07/04/2012 | 509 WIG/GR | 11515 | Books |
